Juegos tradicionales

A través de estas páginas queremos recordar aquellos juegos que han sido jugados por muchas generaciones. La gallinita ciega, el pimpirigallo, la ronda de San Miguel y lobo, ¿estás? son algunos de ellos… Solo necesitas empezar a leer ¡y te darán ganas de jugar!

Bibliographic Details
Main Author: Ovalle, María Angélica
Other Authors: Valdivia, Paloma
Format: Libro Literatura
Language:Spanish
Published: Santiago de Chile : Amanuta, 2015.
Edition:4a.ed.
Series:Remolino
Subjects:
Online Access:

MARC

LEADER 00000nam a22000007a 4500
005 20191129115556.0
008 191129s2015 cl |||| |||| 00| 0 spa d
952 |0 0  |1 0  |2 ddc  |4 0  |6 INF_CH863_OVA  |7 0  |8 COMP  |9 93077  |a BR  |b BR  |c Referencia  |d 2019-11-29  |e Compra  |l 3  |m 6  |o INF Ch863 OVA  |p 1471412  |r 2026-01-13 00:00:00  |s 2024-03-06  |t c.1  |w 2019-11-29  |y BKL 
999 |c 52639  |d 52639 
020 |a 9789569330247 
035 |a CENTRAL 
040 |a UAHC  |c UAHC 
082 |2 20  |a Ch863  |b OV96 
100 |9 10056  |a Ovalle, María Angélica 
245 1 0 |a Juegos tradicionales  |c María Angélica Ovalle; ilustraciones de Paloma Valdivia. 
250 |a 4a.ed. 
260 |a Santiago de Chile :  |b Amanuta,   |c 2015. 
300 |a 47 p. 
440 |9 10054  |a Remolino 
520 |a A través de estas páginas queremos recordar aquellos juegos que han sido jugados por muchas generaciones. La gallinita ciega, el pimpirigallo, la ronda de San Miguel y lobo, ¿estás? son algunos de ellos… Solo necesitas empezar a leer ¡y te darán ganas de jugar! 
650 0 |9 4093  |a Literatura infantil 
700 |9 10051  |a Valdivia, Paloma 
900 |a Ch963 OVA 
942 |2 ddc  |c BKL